The Wisdom of the Throne (Record no. 348212)
[ view plain ]
| 000 -LEADER | |
|---|---|
| fixed length control field | 00318 a2200133 4500 |
| 020 ## - INTERNATIONAL STANDARD BOOK NUMBER | |
| International Standard Book Number | 9695191193 |
| 090 ## - LOCALLY ASSIGNED LC-TYPE CALL NUMBER (OCLC); LOCAL CALL NUMBER (RLIN) | |
| -- | 5813 |
| -- | 5813 |
| 100 ## - MAIN ENTRY--PERSONAL NAME | |
| Personal name | James Winston Morris |
| 245 ## - TITLE STATEMENT | |
| Title | The Wisdom of the Throne |
| 260 ## - PUBLICATION, DISTRIBUTION, ETC. | |
| Place of publication, distribution, etc. | Lahore |
| Name of publisher, distributor, etc. | Suhail Academy |
| Date of publication, distribution, etc. | 2005 |
| 300 ## - PHYSICAL DESCRIPTION | |
| Extent | 275 p. |
| 500 ## - GENERAL NOTE | |
| General note | Hardcover |
| 942 ## - ADDED ENTRY ELEMENTS (KOHA) | |
| Institution code [OBSOLETE] | NBS |
| Koha item type | Book |
| Call number prefix | 297.2 MOR |
| Withdrawn status | Lost status | Damaged status | Not for loan | Permanent Location | Current Location | Date acquired | Total Checkouts | Full call number | Barcode | Date last seen | Price effective from | Koha item type |
|---|---|---|---|---|---|---|---|---|---|---|---|---|
| Central Library (CL) | Central Library (CL) | 08/28/2013 | 297.2 MOR | NBSD-1563 | 08/28/2013 | 08/28/2013 | Book | |||||
| Central Library (CL) | Central Library (CL) | 08/28/2013 | 297.2 MOR | NBSD-1564 | 08/28/2013 | 08/28/2013 | Book |
